|
|
|
|
| LEADER |
00000nab a2200000 a 4500 |
| 001 |
vtls000350969 |
| 003 |
SK-MaSNL |
| 005 |
20260303201205.0 |
| 008 |
230223c1989 xo 0 slo |
| 015 |
|
|
|a SNBRB19rr/mm-uuuuu
|
| 035 |
|
|
|a CL0351091
|
| 035 |
|
|
|a (urnnbn)urn:nbn:sk:snk:ar-005k0s
|
| 035 |
|
|
|a (uuid)db1fe1f4-1bea-4137-8530-61d256ebbfed
|
| 035 |
|
|
|a urn:nbn:sk:snk-ab80iv
|
| 040 |
|
|
|a SNKBUCL
|b slo
|c SNKBUCL
|e AACR2
|
| 041 |
0 |
|
|a slo
|
| 044 |
|
|
|a xo
|c SK
|
| 080 |
|
|
|a 552.313
|2 1981
|
| 100 |
1 |
|
|a Orlický, Oto,
|d 1934-
|4 aut
|9 41603
|
| 245 |
1 |
0 |
|a Využitie paleomagnetizmu na poznanie dynamiky niektorých komplexov východoslovenských neovulkanitov v oblasti Vihorlatu
|c Oto Orlický
|
| 300 |
|
|
|b Obr. 7. Res. angl., lit. 15 zázn. v slov., češ., angl.
|
| 650 |
0 |
7 |
|a neovulkanity
|2 snkbucl
|9 112496
|
| 650 |
0 |
7 |
|a paleomagnetizmus
|2 snkbucl
|9 166185
|
| 650 |
0 |
7 |
|a Vihorlatská Sĺňava (Slovensko)
|2 snkbucl
|9 988671
|
| 655 |
|
7 |
|a články z novín a časopisov
|2 snkbucl
|9 267496
|
| 773 |
0 |
|
|t Mineralia slovaca
|g Roč. 21, č. 1 (1989), s. 59-69
|
| 850 |
|
|
|a Slovenská národná knižnica v Martine
|a MTA001
|
| 852 |
|
|
|a SNK
|b KIS3GCP
|
| 954 |
|
|
|a odborná, vedecká literatúra pôvodná (slovenská)
|2 lita
|
| 958 |
|
|
|a OND
|
| 958 |
|
|
|a NB
|
| 958 |
|
|
|a RK
|
| 958 |
|
|
|a EUIPO
|
| 958 |
|
|
|a article9
|
| 992 |
|
|
|a RBX
|
| 999 |
|
|
|c 2172321
|d 2174251
|